| 000 | 00367 a2200169 4500 | ||
|---|---|---|---|
| 001 | 194438 | ||
| 020 | _a978-85-96-01700-8 | ||
| 040 | _cMagnum | ||
| 100 | _aLobato, Monteiro | ||
| 240 | 1 | 0 |
_aO pintinho sura _lpor |
| 245 | 1 | 0 | _aO pintinho sura |
| 300 | _a29 | ||
| 362 | 0 | _a2019 | |
| 440 | 1 | _aFTD | |
| 697 | _aLÍNGUA - LINGÜÍSTICA - LITERATURA | ||
| 942 | _cBK | ||
| 999 |
_c194438 _d194438 |
||